000 00610nam a2200229Ia 4500
003 OSt
005 20220924114249.0
006 a|||||r|||| 00| 0
007 ta
008 220923b |||||||| |||| 00| 0 urd d
024 _a313060
037 _cTextual
040 _aARTS
_cARTS
_burd
041 _2urd
_aurd
082 _aO168,1M70,1, G3
100 _aNayab Nabi Bakhsh
_9172697
245 0 _aDeewan-e-nayab
260 _aAmritsar
_bDar Nazeer India
_c1933
650 _aURDU POETRY
942 _hO168,1M70,1, G3
_cTEXL
_2CC
999 _c392746
_d392746